00682cam a22002531 4500001001300000003000400013005001700017008004100034010001700075035002000092040001800112043001200130050001800142100002600160245003200186260001100218300002300229500001400252500005600266504003100322650002600353650003200379999001700411sa 68003838 DLC20260227112456.0890727s1967 ii b 000 0 hino  asa 68003838  a(OCoLC)20081864 aDLCcWaUdDLC aa-ii---00aPK2069.W6bK70 aKshem Chandra,d1917-10aNārī tere rūpa aneka. c[1967] a79, 448 p.c23 cm. aIn Hindi. aIncludes biographical sketches of the contributors. aBibliographical footnotes. 0aWomenzIndiaxPoetry. 0aHindi poetryy20th century. c79779d79779